000 00959nam0a22002651 4500
001 RU\NLR\INFOCOMM_253\5000048048
005 20250613100545.0
035 _a(NLR Aleph) 009350626
090 _a9556006
_c9556006
100 _a20101116d1984 |||y0rusy50 ca
101 1 _aeng
_crus
102 _aRU
105 _ay ||||000|y
200 1 _aReligion and social conflicts in the U.S.A.
_fD. Furman
_g[Transl. from the Russ. by Janice Farrell]
_gU.S.S.R. Acad. of sciences, Inst. of U.S. a. Canadian studies
210 _aM.
_cProgress
_d1984
215 _a254 с.
_d21 см
300 _aНа обороте тит. л.: Религия и социальные конфликты в США / Д. Фурман
686 _aЭ239(7США)6-021.4
_2rubbk
686 _aТ3(7США)63-55
_2rubbk
700 1 _aFurman
_bD. E.
_gDmitrij Efimovič
_4070
801 1 _aRU
_bNLR
_c20101116
801 0 _aRU
_bNLR
_gPSBO
852 _aNLR
_jР11 Д-3/23
942 _cBOOK
980 _aNB